| 000 -LEADER |
| fixed length control field |
00980nam a2200253Ia 4500 |
| 001 - CONTROL NUMBER |
| control field |
18538 |
| 003 - CONTROL NUMBER IDENTIFIER |
| control field |
GE_BSU |
| 008 - FIXED-LENGTH DATA ELEMENTS--GENERAL INFORMATION |
| fixed length control field |
181216s||||||||xx |||||||||||||| ||und|| |
| 020 ## - INTERNATIONAL STANDARD BOOK NUMBER |
| International Standard Book Number |
ISBN 978-9941-11-492-2 |
| 040 ## - CATALOGING SOURCE |
| Transcribing agency |
GE_BSU |
| 080 ## - UNIVERSAL DECIMAL CLASSIFICATION NUMBER |
| Universal Decimal Classification number |
821.111-32 |
| 100 ## - MAIN ENTRY--PERSONAL NAME |
| Personal name |
მანრო, ელის. |
| 245 ## - TITLE STATEMENT |
| Title |
ძვირფასი სიცოცხლე : [მოთხრობები] |
| 245 ## - TITLE STATEMENT |
| Statement of responsibility, etc. |
ინგლ. თარგმნა გია ჭუმბურიძემ, |
| 260 ## - PUBLICATION, DISTRIBUTION, ETC. |
| Place of publication, distribution, etc. |
თბილისი |
| 260 ## - PUBLICATION, DISTRIBUTION, ETC. |
| Name of publisher, distributor, etc. |
დიოგენე |
| 260 ## - PUBLICATION, DISTRIBUTION, ETC. |
| Date of publication, distribution, etc. |
2015 |
| 300 ## - PHYSICAL DESCRIPTION |
| Extent |
284 გვ,19 სმ. |
| 520 ## - SUMMARY, ETC. |
| Summary, etc. |
- გარეკანზე: ტომ თომსონის "შემოდგომის ფარგლები" (ფრაგმენტი) |
| 653 ## - INDEX TERM--UNCONTROLLED |
| Uncontrolled term |
ინგლისური მხატვრული ლიტერატურა. |
| 653 ## - INDEX TERM--UNCONTROLLED |
| Uncontrolled term |
მოთხრობები |
| 942 ## - ADDED ENTRY ELEMENTS (KOHA) |
| Koha item type |
წიგნი |